000 03467cam a22007574i 4500
003 PE-LiUPU
005 20250731170458.0
008 s2010 mx a r 0 spa
020 _a9780495506256
035 _a(Sirsi) i9780495506256
035 _a(Sirsi) 50377
035 _a(Sirsi) 51956
040 _aPE-LiUPU
_bspa
_cPE-LiUPU
_erda
082 0 4 _a155.22121
_bS31
100 1 _aSchultz, Duane P.
245 1 0 _aTeorías de la personalidad /
_cDuane P. Schultz, Sydney Ellen Schultz ; traducción José Angel Soto Estrada ; revisión técnica María Elena Ortiz Salinas.
250 _a9a ed.
264 1 _aMéxico :
_bCengage Learning,
_c2010
300 _a542 páginas :
_bilustraciones ;
_c25 centímetros
500 _aTraducido del libro: Theories of personality, ninth edition
505 0 _aEl estudio de la personalidad: evaluación, investigación y teoría -- Las teorías psicoanalíticas -- Sigmund Freud: psicoanálisis -- Las teorías neopsicoanalíticas -- Carl Jung: psicología analítica -- Alfred Adler: psicología individu
526 _aSEG68
526 _aSEG70
526 _aSEG69
526 _aSEG67
526 _aSEG43
526 _aP144
526 _aP143
526 _aP131
526 _aP122
526 _aP120
526 _aP117
526 _aP112
526 _aP110
526 _aP106
526 _aP101
526 _aP80
526 _aP59
526 _aP54
526 _aP35
526 _aP33
526 _aP30
650 1 4 _aPersonalidad
_91760
650 1 4 _aPersonalidad
_xTeorías
650 1 4 _aPsicología individual
700 1 _aSchultz, Sydney Ellen
_ecoaut.
700 1 _aSoto Estrada, José Ángel
_etr.
700 1 _aOrtíz Salinas, María Elena
_erev.
700 1 _aAlegría Estrada, María A.
_eed.
859 _q69329
_h155.22121
_iS31
859 _q69330
_h155.22121
_iS31
859 _q69331
_h155.22121
_iS31
910 _agl
_b
_clch20140210
942 _2ddc
_cBOOK
949 _a155.22121 S31
_i69329
_lCCODEBUL1
_mBUL
_tLIBRO
_o.STAFF. Colección General
949 _a155.22121 S31
_i69330
_lCCODEBUL1
_mBUL
_tLIBRO
_o.STAFF. Colección General
949 _a155.22121 S31
_i69331
_lCCODEBUL1
_mBUL
_tLIBRO
_o.STAFF. Colección General
949 _a155.22121 S31 2011
_wDEWEY
_c1
_iFJ01675
_lCCODEBUJ1
_mBUJ
_p29.68
_r0
_sY
_tBOOK
_u2015-12-11
_xSALUD
_PP33
_0COMPRA
_o.STAFF -- Colección General Juliaca
596 _a1 3
999 _a155.22121 S31
_wDEWEY
_c56250
_i69329
_d56250
_e2019-9-7
_f2019-12-9
_g4
_lDISCARD
_mBUL
_n38
_p56.00
_q10
_r1
_sY
_tBOOK
_u2015-7-6
_xSALUD
_PP33
_0COMPRA
_o.STAFF. Colección Ciencias de la Salud
999 _a155.22121 S31
_wDEWEY
_c2
_i69330
_d2022-6-26
_e2022-6-24
_f2021-11-3
_g5
_lCCODEBUL1
_mBUL
_n48
_p56.00
_q13
_r0
_sY
_tBOOK
_u2015-7-6
_xSALUD
_PP33
_0COMPRA
_o.STAFF. Colección Ciencias de la Salud
999 _a155.22121 S31
_wDEWEY
_c3
_i69331
_d2019-10-22
_e2019-8-26
_f2019-12-9
_g4
_lDISCARD
_mBUL
_n59
_p56.00
_q13
_r1
_sY
_tBOOK
_u2015-7-6
_xSALUD
_PP33
_0COMPRA
_o.STAFF. Colección Ciencias de la Salud
999 _a155.22121 S31 2011
_wDEWEY
_c1
_iFJ01675
_d2019-11-12
_e2019-10-30
_f2022-1-17
_g4
_lCCODEBUJ1
_mBUJ
_n55
_p29.68
_q56
_r0
_sY
_tBOOK
_u2016-8-31
_xSALUD
_PP33
_0COMPRA
_o.STAFF. Colección General Juliaca
980 _81
_gALBERTO SANCHEZ Responsable de Automatización